000 00513cab a2200193 4500
001 X588
008 090401t1993 xxu||||| |||| 00| 0 eng d
035 _a(Sirsi) u97837
041 _aeng
245 _aMembers` accounts regulations
260 _c1993
350 _a0
490 _aCS Monthly : Land and Hydrographic Survey
_v2(7) April 1993, 4(1)
650 _aCLIENTS MONEY
650 _aDISCIPLINE
690 _aMANAGEMENT-BUSINESS MANAGEMENT-PROFESSIONAL PRACTICE
942 _n0
948 _c04/03/1997
999 _c59717
_d59717